000 00733pam a2200229 a 4500
001 1982074
005 20180226071537.0
008 890621s1990 maua b 001 0 eng
010 _a 89036459
020 _a0240800249
040 _aDLC
_cDLC
_dDLC
041 _aeng
080 _a771.46 KEE
082 0 0 _a771.46 KEE
_220
100 1 _a44
101 _aART
245 1 4 _aThe life of a photograph :
_cLaurence E. Keefe, Dennis Inch.
504 _aIncludes bibliographical references (p. 372-373) and index.
906 _a7
_bcbc
_corignew
_d1
_eocip
_f19
_gy-gencatlg
942 _2ddc
_cBK
999 _c43447
_d43447